Trevor : [non sei sbagliato : sei come sei] /

সংরক্ষণ করুন:
গ্রন্থ-পঞ্জীর বিবরন
প্রধান লেখক: Lecesne, James (লেখক)
অন্যান্য লেখক: Gabardini, Carlo G. (ভূমিকা রচয়িতা, ইত্যাদি)
বিন্যাস: গ্রন্থ
ভাষা:ইতালিয়
প্রকাশিত: Milano : BUR Rizzoli, 2021
মালা:Argentovivo
ট্যাগগুলো: ট্যাগ যুক্ত করুন
কোনো ট্যাগ নেই, প্রথমজন হিসাবে ট্যাগ করুন!

MARC

LEADER 00000nam a2200000 i 4500
001 IT\ICCU\LIA\0981092
003 ItRI
005 20250102225440.0
008 210628s2021 it |||||| ||||| |||||c
020 |a 9788817148269 
040 |b ita  |c Arcigay Genova 
041 7 |a ita  |2 ISO-639-2 
100 1 |a Lecesne, James  |0 IT\ICCU\VIAV\143318  |4 aut 
240 1 0 |a Trevor  |9 Lecesne, James 
245 1 0 |a Trevor :  |b [non sei sbagliato : sei come sei] /  |c James Lecesne ; con la prefazione di Carlo G. Gabardini. 
260 |a Milano :  |b BUR Rizzoli,  |c 2021 
300 |a 105 p. ;  |c 22 cm 
500 |a Traduzione di Giordano Aterini 
700 1 |a Gabardini, Carlo G.  |0 IT\ICCU\UBOV\961867  |4 aui 
830 0 |a Argentovivo  |0 IT\ICCU\ARE\0002558 
942 |2 ddc  |c BK 
952 |0 0  |1 0  |2 ddc  |4 0  |6 813_540000000000000_LEC_TRE  |7 1  |9 2755  |a GE  |b GE  |d 2025-01-02  |l 0  |o 813.54 LEC TRE  |p 1398  |r 2025-01-02 22:57:25  |w 2025-01-02  |y BK 
981 1 |6 z01  |a i   |b xxxe  
982 1 |6 z01  |a n 
999 |c 2377  |d 2377